<?xml version="1.0" encoding="UTF-8"?>
<collection xmlns="http://www.loc.gov/MARC21/slim">
 <record>
  <leader>07244cam a2201441   4500</leader>
  <controlfield tag="001">1608425851</controlfield>
  <controlfield tag="003">DE-627</controlfield>
  <controlfield tag="005">20240817195811.0</controlfield>
  <controlfield tag="007">tu</controlfield>
  <controlfield tag="008">000202s2000    gw ||||| rm   00| ||ger c</controlfield>
  <datafield tag="015" ind1=" " ind2=" ">
   <subfield code="a">00,N06,0447</subfield>
   <subfield code="2">dnb</subfield>
  </datafield>
  <datafield tag="015" ind1=" " ind2=" ">
   <subfield code="a">00,A23,1364</subfield>
   <subfield code="2">dnb</subfield>
  </datafield>
  <datafield tag="016" ind1="7" ind2=" ">
   <subfield code="a">958184151</subfield>
   <subfield code="2">DE-101</subfield>
  </datafield>
  <datafield tag="020" ind1=" " ind2=" ">
   <subfield code="a">3525354738</subfield>
   <subfield code="9">3-525-35473-8</subfield>
  </datafield>
  <datafield tag="035" ind1=" " ind2=" ">
   <subfield code="a">(DE-627)1608425851</subfield>
  </datafield>
  <datafield tag="035" ind1=" " ind2=" ">
   <subfield code="a">(DE-576)08311744X</subfield>
  </datafield>
  <datafield tag="035" ind1=" " ind2=" ">
   <subfield code="a">(DE-599)BSZ08311744X</subfield>
  </datafield>
  <datafield tag="035" ind1=" " ind2=" ">
   <subfield code="a">(OCoLC)231846768</subfield>
  </datafield>
  <datafield tag="035" ind1=" " ind2=" ">
   <subfield code="a">(OCoLC)44188352</subfield>
  </datafield>
  <datafield tag="035" ind1=" " ind2=" ">
   <subfield code="a">(OCoLC)1078749418</subfield>
  </datafield>
  <datafield tag="035" ind1=" " ind2=" ">
   <subfield code="a">(DE-604)8130109142</subfield>
  </datafield>
  <datafield tag="040" ind1=" " ind2=" ">
   <subfield code="a">DE-627</subfield>
   <subfield code="b">ger</subfield>
   <subfield code="c">DE-627</subfield>
   <subfield code="e">rakwb</subfield>
  </datafield>
  <datafield tag="041" ind1=" " ind2=" ">
   <subfield code="a">ger</subfield>
  </datafield>
  <datafield tag="044" ind1=" " ind2=" ">
   <subfield code="c">XA-DE</subfield>
  </datafield>
  <datafield tag="050" ind1=" " ind2="0">
   <subfield code="a">DG847.17</subfield>
  </datafield>
  <datafield tag="082" ind1="0" ind2=" ">
   <subfield code="a">945/.73</subfield>
  </datafield>
  <datafield tag="084" ind1=" " ind2=" ">
   <subfield code="a">46</subfield>
   <subfield code="2">sdnb</subfield>
  </datafield>
  <datafield tag="084" ind1=" " ind2=" ">
   <subfield code="a">9,10</subfield>
   <subfield code="2">ssgn</subfield>
  </datafield>
  <datafield tag="084" ind1=" " ind2=" ">
   <subfield code="a">LN 81300</subfield>
   <subfield code="2">rvk</subfield>
   <subfield code="0">(DE-625)rvk/102306:</subfield>
  </datafield>
  <datafield tag="084" ind1=" " ind2=" ">
   <subfield code="a">NM 9100</subfield>
   <subfield code="2">rvk</subfield>
   <subfield code="0">(DE-625)rvk/126473:</subfield>
  </datafield>
  <datafield tag="084" ind1=" " ind2=" ">
   <subfield code="a">NM 9150</subfield>
   <subfield code="2">rvk</subfield>
   <subfield code="0">(DE-625)rvk/126476:</subfield>
  </datafield>
  <datafield tag="084" ind1=" " ind2=" ">
   <subfield code="a">15.67</subfield>
   <subfield code="2">bkl</subfield>
  </datafield>
  <datafield tag="084" ind1=" " ind2=" ">
   <subfield code="a">21.59</subfield>
   <subfield code="2">bkl</subfield>
  </datafield>
  <datafield tag="084" ind1=" " ind2=" ">
   <subfield code="a">56.80</subfield>
   <subfield code="2">bkl</subfield>
  </datafield>
  <datafield tag="100" ind1="1" ind2=" ">
   <subfield code="a">Michalsky, Tanja</subfield>
   <subfield code="d">1964-</subfield>
   <subfield code="0">(DE-588)143071718</subfield>
   <subfield code="0">(DE-627)641873239</subfield>
   <subfield code="0">(DE-576)182088979</subfield>
   <subfield code="4">aut</subfield>
  </datafield>
  <datafield tag="245" ind1="1" ind2="0">
   <subfield code="a">Memoria und Repräsentation</subfield>
   <subfield code="b">die Grabmäler des Königshauses Anjou in Italien</subfield>
   <subfield code="c">von Tanja Michalsky</subfield>
  </datafield>
  <datafield tag="263" ind1=" " ind2=" ">
   <subfield code="a">ca. DM 98.00</subfield>
  </datafield>
  <datafield tag="264" ind1=" " ind2="1">
   <subfield code="a">Göttingen</subfield>
   <subfield code="b">Vandenhoeck &amp; Ruprecht</subfield>
   <subfield code="c">2000</subfield>
  </datafield>
  <datafield tag="300" ind1=" " ind2=" ">
   <subfield code="a">446 S.</subfield>
   <subfield code="b">Ill.</subfield>
  </datafield>
  <datafield tag="336" ind1=" " ind2=" ">
   <subfield code="a">Text</subfield>
   <subfield code="b">txt</subfield>
   <subfield code="2">rdacontent</subfield>
  </datafield>
  <datafield tag="337" ind1=" " ind2=" ">
   <subfield code="a">ohne Hilfsmittel zu benutzen</subfield>
   <subfield code="b">n</subfield>
   <subfield code="2">rdamedia</subfield>
  </datafield>
  <datafield tag="338" ind1=" " ind2=" ">
   <subfield code="a">Band</subfield>
   <subfield code="b">nc</subfield>
   <subfield code="2">rdacarrier</subfield>
  </datafield>
  <datafield tag="361" ind1="1" ind2=" ">
   <subfield code="5">DE-32</subfield>
   <subfield code="y">761568662</subfield>
   <subfield code="s">271488 - A</subfield>
   <subfield code="o">Vorbesitz</subfield>
   <subfield code="a">Vandenhoeck &amp; Ruprecht</subfield>
   <subfield code="0">(DE-588)2024420-4</subfield>
   <subfield code="0">(DE-627)102163758</subfield>
   <subfield code="0">(DE-576)191770086</subfield>
   <subfield code="f">Stempel</subfield>
  </datafield>
  <datafield tag="490" ind1="1" ind2=" ">
   <subfield code="a">Veröffentlichungen des Max-Planck-Instituts für Geschichte</subfield>
   <subfield code="v">157</subfield>
  </datafield>
  <datafield tag="502" ind1=" " ind2=" ">
   <subfield code="a">Zugl.: München, Univ., Diss., 1995</subfield>
  </datafield>
  <datafield tag="561" ind1=" " ind2=" ">
   <subfield code="5">DE-32</subfield>
   <subfield code="3">Exemplarsatz-ID: 761568662, Signatur: 271488 - A</subfield>
   <subfield code="a">Vorbesitz: Vandenhoeck &amp; Ruprecht ; http://d-nb.info/gnd/2024420-4 / Stempel</subfield>
  </datafield>
  <datafield tag="583" ind1="1" ind2=" ">
   <subfield code="a">Archivierung/Langzeitarchivierung gewährleistet</subfield>
   <subfield code="f">PENI</subfield>
   <subfield code="x">XA-DE-NI</subfield>
   <subfield code="2">pdager</subfield>
   <subfield code="5">DE-35</subfield>
  </datafield>
  <datafield tag="583" ind1="1" ind2=" ">
   <subfield code="a">Archivierung/Langzeitarchivierung gewährleistet</subfield>
   <subfield code="f">SSG</subfield>
   <subfield code="x">XA-DE-BW</subfield>
   <subfield code="2">pdager</subfield>
   <subfield code="5">DE-16</subfield>
  </datafield>
  <datafield tag="600" ind1="1" ind2="0">
   <subfield code="a">Anjou, House of</subfield>
   <subfield code="x">Tombs</subfield>
  </datafield>
  <datafield tag="650" ind1=" " ind2="0">
   <subfield code="a">Sepulchral monuments, Medieval</subfield>
   <subfield code="z">Italy</subfield>
   <subfield code="z">Naples (Kingdom)</subfield>
  </datafield>
  <datafield tag="650" ind1=" " ind2="4">
   <subfield code="a">Neapel &lt;Königreich&gt;</subfield>
   <subfield code="7">(dpeaa)DE-2491</subfield>
  </datafield>
  <datafield tag="650" ind1=" " ind2="4">
   <subfield code="a">Anjou &lt;Familie&gt;</subfield>
   <subfield code="7">(dpeaa)DE-2491</subfield>
  </datafield>
  <datafield tag="650" ind1=" " ind2="4">
   <subfield code="a">Grabmal</subfield>
   <subfield code="7">(dpeaa)DE-2491</subfield>
  </datafield>
  <datafield tag="650" ind1=" " ind2="4">
   <subfield code="a">Memoria</subfield>
   <subfield code="7">(dpeaa)DE-2491</subfield>
  </datafield>
  <datafield tag="650" ind1=" " ind2="4">
   <subfield code="a">Repräsentation</subfield>
   <subfield code="7">(dpeaa)DE-2491</subfield>
  </datafield>
  <datafield tag="650" ind1=" " ind2="4">
   <subfield code="a">Ikonologie</subfield>
   <subfield code="7">(dpeaa)DE-2491</subfield>
  </datafield>
  <datafield tag="651" ind1=" " ind2="0">
   <subfield code="a">Naples (Kingdom)</subfield>
   <subfield code="x">Kings and rulers</subfield>
   <subfield code="x">Tombs</subfield>
  </datafield>
  <datafield tag="651" ind1=" " ind2="0">
   <subfield code="a">Naples (Kingdom)</subfield>
   <subfield code="x">History</subfield>
   <subfield code="y">Anjou dynasty, 1268-1442</subfield>
  </datafield>
  <datafield tag="655" ind1=" " ind2="7">
   <subfield code="a">Verzeichnis</subfield>
   <subfield code="0">(DE-588)4188171-0</subfield>
   <subfield code="0">(DE-627)105266639</subfield>
   <subfield code="0">(DE-576)210051078</subfield>
   <subfield code="2">gnd-content</subfield>
  </datafield>
  <datafield tag="655" ind1=" " ind2="7">
   <subfield code="a">Hochschulschrift</subfield>
   <subfield code="0">(DE-588)4113937-9</subfield>
   <subfield code="0">(DE-627)105825778</subfield>
   <subfield code="0">(DE-576)209480580</subfield>
   <subfield code="2">gnd-content</subfield>
  </datafield>
  <datafield tag="689" ind1="0" ind2="0">
   <subfield code="d">p</subfield>
   <subfield code="0">(DE-588)118834681</subfield>
   <subfield code="0">(DE-627)079609414</subfield>
   <subfield code="0">(DE-576)210122137</subfield>
   <subfield code="a">Anjou</subfield>
   <subfield code="c">Familie</subfield>
   <subfield code="2">gnd</subfield>
  </datafield>
  <datafield tag="689" ind1="0" ind2="1">
   <subfield code="d">s</subfield>
   <subfield code="0">(DE-588)4021732-2</subfield>
   <subfield code="0">(DE-627)104467118</subfield>
   <subfield code="0">(DE-576)20893961X</subfield>
   <subfield code="a">Grabmal</subfield>
   <subfield code="2">gnd</subfield>
  </datafield>
  <datafield tag="689" ind1="0" ind2="2">
   <subfield code="d">s</subfield>
   <subfield code="0">(DE-588)4240774-6</subfield>
   <subfield code="0">(DE-627)104861819</subfield>
   <subfield code="0">(DE-576)210432470</subfield>
   <subfield code="a">Memoria</subfield>
   <subfield code="2">gnd</subfield>
  </datafield>
  <datafield tag="689" ind1="0" ind2="3">
   <subfield code="d">s</subfield>
   <subfield code="0">(DE-588)4024596-2</subfield>
   <subfield code="0">(DE-627)104270667</subfield>
   <subfield code="0">(DE-576)208956298</subfield>
   <subfield code="a">Herrschaft</subfield>
   <subfield code="2">gnd</subfield>
  </datafield>
  <datafield tag="689" ind1="0" ind2="4">
   <subfield code="d">s</subfield>
   <subfield code="0">(DE-588)4137492-7</subfield>
   <subfield code="0">(DE-627)105649619</subfield>
   <subfield code="0">(DE-576)209678070</subfield>
   <subfield code="a">Repräsentation</subfield>
   <subfield code="2">gnd</subfield>
  </datafield>
  <datafield tag="689" ind1="0" ind2=" ">
   <subfield code="5">DE-101</subfield>
  </datafield>
  <datafield tag="689" ind1="1" ind2="0">
   <subfield code="d">p</subfield>
   <subfield code="0">(DE-588)118834681</subfield>
   <subfield code="0">(DE-627)079609414</subfield>
   <subfield code="0">(DE-576)210122137</subfield>
   <subfield code="a">Anjou</subfield>
   <subfield code="c">Familie</subfield>
   <subfield code="2">gnd</subfield>
  </datafield>
  <datafield tag="689" ind1="1" ind2="1">
   <subfield code="d">s</subfield>
   <subfield code="0">(DE-588)4021732-2</subfield>
   <subfield code="0">(DE-627)104467118</subfield>
   <subfield code="0">(DE-576)20893961X</subfield>
   <subfield code="a">Grabmal</subfield>
   <subfield code="2">gnd</subfield>
  </datafield>
  <datafield tag="689" ind1="1" ind2=" ">
   <subfield code="5">DE-101</subfield>
  </datafield>
  <datafield tag="689" ind1="2" ind2="0">
   <subfield code="d">p</subfield>
   <subfield code="0">(DE-588)118834681</subfield>
   <subfield code="0">(DE-627)079609414</subfield>
   <subfield code="0">(DE-576)210122137</subfield>
   <subfield code="a">Anjou</subfield>
   <subfield code="c">Familie</subfield>
   <subfield code="2">gnd</subfield>
  </datafield>
  <datafield tag="689" ind1="2" ind2="1">
   <subfield code="d">s</subfield>
   <subfield code="0">(DE-588)4021732-2</subfield>
   <subfield code="0">(DE-627)104467118</subfield>
   <subfield code="0">(DE-576)20893961X</subfield>
   <subfield code="a">Grabmal</subfield>
   <subfield code="2">gnd</subfield>
  </datafield>
  <datafield tag="689" ind1="2" ind2="2">
   <subfield code="d">s</subfield>
   <subfield code="0">(DE-588)4138973-6</subfield>
   <subfield code="0">(DE-627)105638676</subfield>
   <subfield code="0">(DE-576)209690534</subfield>
   <subfield code="a">Totengedächtnis</subfield>
   <subfield code="2">gnd</subfield>
  </datafield>
  <datafield tag="689" ind1="2" ind2="3">
   <subfield code="d">s</subfield>
   <subfield code="0">(DE-588)4024596-2</subfield>
   <subfield code="0">(DE-627)104270667</subfield>
   <subfield code="0">(DE-576)208956298</subfield>
   <subfield code="a">Herrschaft</subfield>
   <subfield code="2">gnd</subfield>
  </datafield>
  <datafield tag="689" ind1="2" ind2="4">
   <subfield code="d">s</subfield>
   <subfield code="0">(DE-588)4137492-7</subfield>
   <subfield code="0">(DE-627)105649619</subfield>
   <subfield code="0">(DE-576)209678070</subfield>
   <subfield code="a">Repräsentation</subfield>
   <subfield code="2">gnd</subfield>
  </datafield>
  <datafield tag="689" ind1="2" ind2=" ">
   <subfield code="5">(DE-627)</subfield>
  </datafield>
  <datafield tag="689" ind1="3" ind2="0">
   <subfield code="d">p</subfield>
   <subfield code="0">(DE-588)118834681</subfield>
   <subfield code="0">(DE-627)079609414</subfield>
   <subfield code="0">(DE-576)210122137</subfield>
   <subfield code="a">Anjou</subfield>
   <subfield code="c">Familie</subfield>
   <subfield code="2">gnd</subfield>
  </datafield>
  <datafield tag="689" ind1="3" ind2="1">
   <subfield code="d">g</subfield>
   <subfield code="0">(DE-588)4041478-4</subfield>
   <subfield code="0">(DE-627)106218972</subfield>
   <subfield code="0">(DE-576)209045213</subfield>
   <subfield code="a">Königreich Neapel</subfield>
   <subfield code="2">gnd</subfield>
  </datafield>
  <datafield tag="689" ind1="3" ind2="2">
   <subfield code="d">s</subfield>
   <subfield code="0">(DE-588)4021732-2</subfield>
   <subfield code="0">(DE-627)104467118</subfield>
   <subfield code="0">(DE-576)20893961X</subfield>
   <subfield code="a">Grabmal</subfield>
   <subfield code="2">gnd</subfield>
  </datafield>
  <datafield tag="689" ind1="3" ind2="3">
   <subfield code="d">s</subfield>
   <subfield code="0">(DE-588)4161251-6</subfield>
   <subfield code="0">(DE-627)104668482</subfield>
   <subfield code="0">(DE-576)209864338</subfield>
   <subfield code="a">Ikonologie</subfield>
   <subfield code="2">gnd</subfield>
  </datafield>
  <datafield tag="689" ind1="3" ind2=" ">
   <subfield code="5">(DE-627)</subfield>
  </datafield>
  <datafield tag="689" ind1="4" ind2="0">
   <subfield code="d">p</subfield>
   <subfield code="0">(DE-588)118834681</subfield>
   <subfield code="0">(DE-627)079609414</subfield>
   <subfield code="0">(DE-576)210122137</subfield>
   <subfield code="a">Anjou</subfield>
   <subfield code="c">Familie</subfield>
   <subfield code="2">gnd</subfield>
  </datafield>
  <datafield tag="689" ind1="4" ind2="1">
   <subfield code="d">s</subfield>
   <subfield code="0">(DE-588)4021732-2</subfield>
   <subfield code="0">(DE-627)104467118</subfield>
   <subfield code="0">(DE-576)20893961X</subfield>
   <subfield code="a">Grabmal</subfield>
   <subfield code="2">gnd</subfield>
  </datafield>
  <datafield tag="689" ind1="4" ind2="2">
   <subfield code="d">s</subfield>
   <subfield code="0">(DE-588)4240774-6</subfield>
   <subfield code="0">(DE-627)104861819</subfield>
   <subfield code="0">(DE-576)210432470</subfield>
   <subfield code="a">Memoria</subfield>
   <subfield code="2">gnd</subfield>
  </datafield>
  <datafield tag="689" ind1="4" ind2="3">
   <subfield code="d">s</subfield>
   <subfield code="0">(DE-588)4024596-2</subfield>
   <subfield code="0">(DE-627)104270667</subfield>
   <subfield code="0">(DE-576)208956298</subfield>
   <subfield code="a">Herrschaft</subfield>
   <subfield code="2">gnd</subfield>
  </datafield>
  <datafield tag="689" ind1="4" ind2="4">
   <subfield code="d">s</subfield>
   <subfield code="0">(DE-588)4137492-7</subfield>
   <subfield code="0">(DE-627)105649619</subfield>
   <subfield code="0">(DE-576)209678070</subfield>
   <subfield code="a">Repräsentation</subfield>
   <subfield code="2">gnd</subfield>
  </datafield>
  <datafield tag="689" ind1="4" ind2=" ">
   <subfield code="5">(DE-627)</subfield>
  </datafield>
  <datafield tag="751" ind1=" " ind2=" ">
   <subfield code="a">München</subfield>
   <subfield code="0">(DE-588)4127793-4</subfield>
   <subfield code="0">(DE-627)105722073</subfield>
   <subfield code="0">(DE-576)209596570</subfield>
   <subfield code="4">uvp</subfield>
  </datafield>
  <datafield tag="810" ind1="2" ind2=" ">
   <subfield code="a">Max-Planck-Institut für Geschichte</subfield>
   <subfield code="t">Veröffentlichungen des Max-Planck-Instituts für Geschichte</subfield>
   <subfield code="v">157</subfield>
   <subfield code="9">157</subfield>
   <subfield code="w">(DE-627)129297097</subfield>
   <subfield code="w">(DE-576)000179094</subfield>
   <subfield code="w">(DE-600)121375-1</subfield>
   <subfield code="x">0436-1180</subfield>
   <subfield code="7">ns</subfield>
  </datafield>
  <datafield tag="856" ind1="4" ind2="2">
   <subfield code="u">https://swbplus.bsz-bw.de/bsz08311744xrez.htm</subfield>
   <subfield code="m">V:DE-576</subfield>
   <subfield code="q">text/html</subfield>
   <subfield code="3">Rezension</subfield>
  </datafield>
  <datafield tag="856" ind1="4" ind2="2">
   <subfield code="u">http://www.sehepunkte.de/2001/01/2150.html</subfield>
   <subfield code="m">V:DE-576;X:Sehepunkte</subfield>
   <subfield code="q">text/html</subfield>
   <subfield code="v">20180423160303</subfield>
   <subfield code="3">Rezension</subfield>
  </datafield>
  <datafield tag="856" ind1="4" ind2="2">
   <subfield code="u">http://www.gbv.de/dms/bs/toc/301331391.pdf</subfield>
   <subfield code="m">V:DE-601</subfield>
   <subfield code="m">B:DE-84</subfield>
   <subfield code="q">pdf/application</subfield>
   <subfield code="x">Verlag</subfield>
   <subfield code="y">Inhaltsverzeichnis</subfield>
   <subfield code="3">Inhaltsverzeichnis</subfield>
  </datafield>
  <datafield tag="889" ind1=" " ind2=" ">
   <subfield code="w">(DE-627)301331391</subfield>
  </datafield>
  <datafield tag="935" ind1=" " ind2=" ">
   <subfield code="i">mdedup</subfield>
  </datafield>
  <datafield tag="936" ind1="r" ind2="v">
   <subfield code="a">LN 81300</subfield>
   <subfield code="b">Grabplastik</subfield>
   <subfield code="k">Kunstgeschichte</subfield>
   <subfield code="k">Kunst nach Ländern bzw. Kontinenten</subfield>
   <subfield code="k">Italien</subfield>
   <subfield code="k">Italienische Kunstgeschichte nach Gattungen</subfield>
   <subfield code="k">Skulptur (Plastik)</subfield>
   <subfield code="k">Skulptur nach Gegenständen</subfield>
   <subfield code="k">Grabplastik</subfield>
   <subfield code="0">(DE-627)1271159686</subfield>
   <subfield code="0">(DE-625)rvk/102306:</subfield>
   <subfield code="0">(DE-576)201159686</subfield>
  </datafield>
  <datafield tag="936" ind1="r" ind2="v">
   <subfield code="a">NM 9100</subfield>
   <subfield code="b">Italien, Sizilien, Sardinien</subfield>
   <subfield code="k">Geschichte</subfield>
   <subfield code="k">Geschichte des Mittelalters</subfield>
   <subfield code="k">Geschichte der auswärtigen Staaten und Völker</subfield>
   <subfield code="k">Europäische Staaten und Völker</subfield>
   <subfield code="k">Italien, Sizilien, Sardinien</subfield>
   <subfield code="0">(DE-627)1271463458</subfield>
   <subfield code="0">(DE-625)rvk/126473:</subfield>
   <subfield code="0">(DE-576)201463458</subfield>
  </datafield>
  <datafield tag="936" ind1="r" ind2="v">
   <subfield code="a">NM 9150</subfield>
   <subfield code="b">Frankreich</subfield>
   <subfield code="k">Geschichte</subfield>
   <subfield code="k">Geschichte des Mittelalters</subfield>
   <subfield code="k">Geschichte der auswärtigen Staaten und Völker</subfield>
   <subfield code="k">Europäische Staaten und Völker</subfield>
   <subfield code="k">Frankreich</subfield>
   <subfield code="0">(DE-627)1271463490</subfield>
   <subfield code="0">(DE-625)rvk/126476:</subfield>
   <subfield code="0">(DE-576)201463490</subfield>
  </datafield>
  <datafield tag="936" ind1="b" ind2="k">
   <subfield code="a">15.67</subfield>
   <subfield code="j">Italien</subfield>
   <subfield code="x">Geschichte</subfield>
   <subfield code="0">(DE-627)181569728</subfield>
  </datafield>
  <datafield tag="936" ind1="b" ind2="k">
   <subfield code="a">21.59</subfield>
   <subfield code="j">Bildhauerei: Sonstiges</subfield>
   <subfield code="0">(DE-627)106405810</subfield>
  </datafield>
  <datafield tag="936" ind1="b" ind2="k">
   <subfield code="a">56.80</subfield>
   <subfield code="j">Gebäudelehre: Allgemeines</subfield>
   <subfield code="0">(DE-627)10642114X</subfield>
  </datafield>
  <datafield tag="951" ind1=" " ind2=" ">
   <subfield code="a">BO</subfield>
  </datafield>
  <datafield tag="990" ind1=" " ind2=" ">
   <subfield code="a">Anjou &lt;Familie&gt; </subfield>
  </datafield>
  <datafield tag="990" ind1=" " ind2=" ">
   <subfield code="a">Grabmal</subfield>
  </datafield>
  <datafield tag="990" ind1=" " ind2=" ">
   <subfield code="a">Memoria</subfield>
  </datafield>
  <datafield tag="990" ind1=" " ind2=" ">
   <subfield code="a">Herrschaft</subfield>
  </datafield>
  <datafield tag="990" ind1=" " ind2=" ">
   <subfield code="a">Repräsentation</subfield>
  </datafield>
  <datafield tag="990" ind1=" " ind2=" ">
   <subfield code="a">Anjou &lt;Familie&gt; </subfield>
  </datafield>
  <datafield tag="990" ind1=" " ind2=" ">
   <subfield code="a">Grabmal</subfield>
  </datafield>
  <datafield tag="990" ind1=" " ind2=" ">
   <subfield code="a">Anjou &lt;Familie&gt; </subfield>
  </datafield>
  <datafield tag="990" ind1=" " ind2=" ">
   <subfield code="a">Grabmal</subfield>
  </datafield>
  <datafield tag="990" ind1=" " ind2=" ">
   <subfield code="a">Totengedächtnis</subfield>
  </datafield>
  <datafield tag="990" ind1=" " ind2=" ">
   <subfield code="a">Herrschaft</subfield>
  </datafield>
  <datafield tag="990" ind1=" " ind2=" ">
   <subfield code="a">Repräsentation</subfield>
  </datafield>
  <datafield tag="990" ind1=" " ind2=" ">
   <subfield code="a">Anjou &lt;Familie&gt; </subfield>
  </datafield>
  <datafield tag="990" ind1=" " ind2=" ">
   <subfield code="a">Königreich Neapel</subfield>
  </datafield>
  <datafield tag="990" ind1=" " ind2=" ">
   <subfield code="a">Grabmal</subfield>
  </datafield>
  <datafield tag="990" ind1=" " ind2=" ">
   <subfield code="a">Ikonologie</subfield>
  </datafield>
  <datafield tag="990" ind1=" " ind2=" ">
   <subfield code="a">Anjou &lt;Familie&gt; </subfield>
  </datafield>
  <datafield tag="990" ind1=" " ind2=" ">
   <subfield code="a">Grabmal</subfield>
  </datafield>
  <datafield tag="990" ind1=" " ind2=" ">
   <subfield code="a">Memoria</subfield>
  </datafield>
  <datafield tag="990" ind1=" " ind2=" ">
   <subfield code="a">Herrschaft</subfield>
  </datafield>
  <datafield tag="990" ind1=" " ind2=" ">
   <subfield code="a">Repräsentation</subfield>
  </datafield>
  <datafield tag="991" ind1=" " ind2=" ">
   <subfield code="a">Rezensiertes Werk</subfield>
  </datafield>
  <datafield tag="999" ind1=" " ind2=" ">
   <subfield code="a">KXP-PPN1608425851</subfield>
   <subfield code="e">4098302195</subfield>
  </datafield>
 </record>
</collection>
